Statistics for New Orleans True or False?

Click here to take the quiz!

General Stats

  • This quiz has been taken 51 times
    (41 since last reset)
  • The average score is 9 of 15

Answer Stats

QuestionAnswer% Correct
Disney World is on the outskirts of New OrleansFalse
89%
Most of New Orleans is at or below sea levelTrue
89%
New Orleans was founded by the Spanish in the 17th centuryFalse
79%
New Orleans is considered the birthplace of jazz musicTrue
79%
More than 1,000 people were killed in 2005 by Hurricane Katrina and the subsequent floodingTrue
79%
The French Quarter is purely a historical and tourism district with no permanent residentsFalse
66%
Practicing Voodoo is illegal in New OrleansFalse
66%
A majority of people in New Orleans are blackTrue
63%
Bourbon Street is named after the alcoholic drinkFalse
50%
It occasionally snows in New OrleansTrue
50%
New Orleans spent most of the American Civil War under Union occupationTrue
47%
The Lake Pontchartrain Causeway is the longest bridge in the United StatesTrue
42%
The films A Streetcar Named Desire, Interview with the Vampire and Moonlight are set in New OrleansFalse
32%
New Orleans sits at the mouth of the Mississippi RiverFalse
26%
Louis Armstrong, William Faulkner and Lee Harvey Oswald were all born in New OrleansFalse
24%

Score Distribution

Percentile by Number Answered

Percent of People with Each Score

Your Score History

You have not taken this quiz since the last reset